| 000 | 00524nam a2200181 4500 | ||
|---|---|---|---|
| 001 | 143359 | ||
| 003 | ES-MaACL | ||
| 005 | 20231228205944.0 | ||
| 007 | t| | ||
| 008 | 070214s1934 xxk r ||||1| eng d | ||
| 100 | 1 |
_aSender, Ramón J., _d1901-1982 _9105441 |
|
| 245 | 1 | 0 |
_aEarmarked for hell / _cby Ramón J. Sender ; translated by James Cleugh. |
| 260 |
_aBristol : _bWishart & Co., _c1934. |
||
| 300 |
_a342 p. ; _c20 cm. |
||
| 700 | 1 |
_aCleugh, James. _939240 |
|
| 852 |
_aES-MaACL _jA-4654 |
||
| 999 |
_c143359 _d143359 |
||